| 000 | 01225nam a22002297a 4500 | ||
|---|---|---|---|
| 003 | OSt | ||
| 005 | 20250218095223.0 | ||
| 008 | 230908b ||||| |||| 00| 0 eng d | ||
| 040 | _cSSBUL | ||
| 082 |
_223 _a၂၉၄.၃၄၃၅၀၉ _bရှိတ် |
||
| 100 |
_aရှိတ်၊ ဗိုလ် _c(ရတနာပူရ) _930400 |
||
| 245 | 1 | 0 |
_aတံတားဦးမြို့ မင်္ဂလာစေတီတော်သမိုင်း _bသမိုင်းစာပေမြန်မာမှုလက်ရာများ / _cဗိုလ်ရှိတ်(ရတနာပူရ)။ |
| 260 |
_a[ရန်ကုန်] ၊ _bလယ်တွင်းဂုဏ်ရည်စာပေတိုက်၊ _c၂၀၂၂။ |
||
| 300 |
_a၃၅၅ စာမျက်နှာ ၊ _bဓာတ်ပုံ၊ ရုပ်ပုံ ၊ _c၂၁ စင်တီ။ |
||
| 504 | _aကျမ်းကိုးစာရင်းပါသည်။ | ||
| 650 |
_aဗုဒ္ဓဘာသာ-ဝတ်ပုထိုးကိုးကွယ်ခြင်း၊ ဘုရားရှိခိုးခြင်း _930401 |
||
| 942 |
_cBK _2ddc |
||
| 942 | _2ddc | ||
| 942 | _2ddc | ||
| 942 | _2ddc | ||
| 942 | _2ddc | ||
| 999 |
_c28811 _d28811 |
||